|
|
|
|
| LEADER |
00982nam a2200253 a 4500 |
| 001 |
1194813 |
| 008 |
100106s1997 bg b 001 0 eng d |
| 010 |
|
|
|a \\\97904615
|
| 020 |
|
|
|a 9840513915
|
| 040 |
|
|
|a DLC
|c DLC
|d BD-DhAAL
|
| 082 |
0 |
0 |
|a 342.54/085
|2 21
|
| 245 |
0 |
0 |
|a Public interest litigation in South Asia :
|b rights in search of remedies /
|c edited by Sara Hossain, Shahdeen Malik, Bushra Musa.
|
| 260 |
|
|
|a Dhaka :
|b University Press,
|c 1997.
|
| 300 |
|
|
|a xvi, 184 p. ;
|c 22 cm.
|
| 504 |
|
|
|a Includes bibliographical references and index.
|
| 541 |
1 |
|
|e 00006579
|
| 650 |
|
0 |
|a Public interest law
|z South Asia.
|
| 650 |
|
0 |
|a Civil rights
|z South Asia.
|
| 700 |
1 |
|
|a Hossain, Sara.
|
| 700 |
1 |
|
|a Malik, Shahdeen.
|
| 700 |
1 |
|
|a Musa, Bushra.
|
| 852 |
4 |
|
|a Ayesha Abed Library
|j General shelf
|
| 999 |
|
|
|c 6734
|d 6734
|
| 952 |
|
|
|0 0
|1 0
|2 ddc
|4 0
|6 342_540850000000000_PUB_1997
|7 0
|9 6915
|a BRACUL
|b BRACUL
|c GEN
|d 2010-01-06
|l 1
|m 9
|o 342.54085 PUB
|p 3010006579
|r 2022-05-16
|s 2022-01-27
|t 1
|w 2010-01-06
|y BK
|